| 000 | 00747cam a2200265 4500 | ||
|---|---|---|---|
| 008 | 090401t1997 xxu||||| |||| 00| 0 eng d | ||
| 020 | _a1860811345 | ||
| 035 | _a(Sirsi) u77842 | ||
| 041 | _aeng | ||
| 050 | _a690.25 | ||
| 100 | _aCharles, J. A. | ||
| 245 | _aBuilding on fill : collapse compression on inundation. | ||
| 260 |
_aWatford _bConstruction Research Communications Ltd _c1997 |
||
| 300 | _a12p. : ill. ; 30cm. | ||
| 350 | _a0 | ||
| 490 |
_aBRE Information Paper _vIP 5/97 |
||
| 650 | _aCOLLAPSE COMPRESSION | ||
| 650 | _aLANDFILL | ||
| 650 | _aSETTLEMENT | ||
| 690 | _aBUILT ENVIRONMENT-BUILDING PATHOLOGY | ||
| 700 | _aWatts, K.S. | ||
| 710 | _aBuilding Research Establishment | ||
| 942 | _n0 | ||
| 948 | _c22/04/1997 | ||
| 999 |
_c96363 _d96363 |
||